ZUN's Music Collection 楽曲名 - Statistics

General Stats
  • This quiz has been taken 4 times
  • The average score is 23 of 114
Answer Stats
Hint Track Answer % Correct
7 サーカスレヴァリエ
100%
6 魔術師メリー
100%
蓬莱人形 1 蓬莱伝説
50%
4 明治十七年の上海アリス
50%
5 東方怪奇談
50%
6 エニグマティクドール
50%
8 人形の森
50%
10 リーインカーネイション
50%
12 永遠の巫女
50%
13 空飛ぶ巫女の不思議な毎日
50%
蓮台野夜行 1 夜のデンデラ野を逝く
50%
2 少女秘封倶楽部
50%
4 古の冥界寺
50%
7 月の妖鳥、化猫の幻
50%
9 魔法少女十字軍
50%
5 青木ヶ原の伝説
50%
8 レトロスペクティブ京都
50%
9 ラクトガール ~ 少女密室
50%
2 天空のグリニッジ
50%
6 衛星カフェテラス
50%
9 ネクロファンタジア
50%
未知の花 魅知の旅 1 未知の花 魅知の旅
50%
2 明日ハレの日、ケの昨日
50%
3 デザイアドライブ
50%
5 天鳥船神社
50%
7 ハルトマンの妖怪少女
50%
8 天鳥船神社の結界
50%
伊弉諾物質 1 緑のサナトリウム
50%
2 牛に引かれて善光寺参り
50%
3 ハートフェルトファンシー
50%
10 ピュアヒューリーズ ~ 心の在処
50%
5 大神神話伝
50%
6 クレイジーバックダンサーズ
50%
4 ヴォヤージュ1969
50%
3 東方妖々夢 ~ Ancient Temple
50%
3 上海紅茶館 ~ Chinese Tea
50%
9 感情の摩天楼 ~ Cosmic Mind
50%
7 夜が降りてくる ~ Evening Star
50%
10 千年幻想郷 ~ History of the Moon
50%
8 大空魔術 ~ Magical Astronomy
50%
10 少女幻葬 ~ Necro-Fantasy
50%
4 彼岸帰航 ~ Riverside View
50%
11 U.N.オーエンは彼女なのか?
50%
11 幻想の永遠祭
0%
2 華胥の夢
0%
5 科学世紀の少年少女
0%
8 人形裁判 ~ 人の形弄びし少女
0%
9 夢と現の境界
0%
6 お宇佐さまの素い幡
0%
7 月まで届け不死の煙
0%
11 最も澄みわたる空と海
0%
大空魔術 1 月面ツアーへようこそ
0%
3 東の国の眠らない夜
0%
4 車椅子の未来宇宙
0%
10 向こう側の月
0%
鳥船遺跡 1 衛星トリフネ
0%
2 トロヤ群の密林
0%
4 フェアリー冒険譚
0%
6 夜空のユーフォーロマンス
0%
10 宇宙に浮かぶ幻想郷
0%
5 アガルタの風
0%
6 イザナギオブジェクト
0%
7 妖怪裏参道
0%
9 日本中の不思議を集めて
0%
10 素敵な墓場で暮しましょ
0%
燕石博物誌 1 他愛も無い二人の博物誌
0%
2 凍り付いた永遠の都
0%
4 九月のパンプキン
0%
5 須臾はプランクを超えて
0%
6 シュレディンガーの化猫
0%
7 空中に沈む輝針城
0%
8 禁忌の膜壁
0%
9 故郷の星が映る海
0%
11 永遠の三日天下
0%
旧約酒場 1 バー・オールドアダム
0%
2 燕石博物誌が連れてきた闇
0%
3 リバースイデオロギー
0%
4 アウトサイダーカクテル
0%
6 パンデモニックプラネット
0%
7 旧世界の冒険酒場
0%
8 魔界地方都市エソテリア
0%
9 亡失のエモーション
0%
10 二日酔いの同床異夢
0%
虹色のセプテントリオン 1 七ツ石の狼、雲を取りに駆ける
0%
2 幻想のホワイトトラベラー
0%
七夕坂夢幻能 1 七夕坂に朝が来る
0%
2 不等式のティンカーベル
0%
3 禁断の扉の向こうは、この世かあの世か
0%
4 スモーキングドラゴン
0%
8 ひとりぼっちの常陸行路
0%
9 地蔵だけが知る哀嘆
0%
10 秘匿されたフォーシーズンズ
0%
11 夜じゃなくてもお化けはいるから
0%
卯酉東海道 1 ヒロシゲ36号 ~ Neo Super-Express
0%
2 53ミニッツの青い海
0%
5 Demystify Feast
0%
3 Dr.レイテンシーの眠れなくなる瞳
0%
11 幽玄の槭樹 ~ Eternal Dream
0%
8 過去の花 ~ Fairy of Flower
0%
4 六十年目の東方裁判 ~ Fate of Sixty Years
0%
3 桜花之恋塚 ~ Flower of Japan
0%
7 G Free
0%
5 幻視の夜 ~ Ghostly Eyes
0%
3 あの賑やかな市場は今どこに ~ Immemorial Marketeers
0%
6 永夜の報い ~ Imperishable Night.
0%
3 無間の鐘 ~ Infinite Nightmare
0%
夢違科学世紀 1 童祭 ~ Innocent Treasures
0%
3 竹取飛翔 ~ Lunatic Princess
0%
7 憑坐は夢と現の間に ~ Necro-Fantasia
0%
10 幻想機械 ~ Phantom Factory
0%
2 二色蓮花蝶 ~ Red and White
0%
5 夢幻能 ~ Taboo Marionette
0%
9 Witch of Love Potion
0%
8 アンノウンX ~ Unfound Adventure
0%
No matching quizzes found
Score Distribution
Percent of People with Each Score
Percentile by Number Answered
Your Score History
You have not taken this quiz